El Enfoque integral del perfeccionamiento de la planificación /
Zapisane w:
| 1. autor: | |
|---|---|
| Format: | Texto |
| Etykiety: |
Dodaj etykietę
Nie ma etykietki, Dołącz pierwszą etykiete!
|
MARC
| LEADER | 00000 a a2200000 04500 | ||
|---|---|---|---|
| 001 | 3129 | ||
| 003 | |||
| 040 | |||
| 100 | |a Fedorenko, Nicolai | ||
| 245 | |a El Enfoque integral del perfeccionamiento de la planificación / |c Nicolai Fedorenko | ||
| 773 | |g número 1; páginas 76-90 | ||
| 999 | |c 37081 |d 37081 | ||
